| 000 | 00371nam a22001457a 4500 | ||
|---|---|---|---|
| 020 | _qHB. | ||
| 040 | _cFIZZA ISHAQ | ||
| 082 |
_a530.076 _bSAU |
||
| 100 |
_a Saunders, Frederick A. _939753 |
||
| 245 |
_aCollege physics / _c Frederick A , Saunders. |
||
| 250 | _a5th ED. | ||
| 260 |
_a New York: _b Holt , _c1930. |
||
| 300 |
_a 674 p. illus. _c25 cm |
||
| 942 |
_2ddc _cBK |
||
| 999 |
_c616887 _d616887 |
||